00620 2200217 4500001002100000005001500021035002000036007000300056008004100059020001800100082000800118084001400126100002800140245009300168250001000261260005200271300003000323650002100353504001600374990001200390INLIS00000000001739720241015091605 a0010-1024000125ta241015 g 0 ind  a979-666-118-7 a302 a302 SAR p0 aSARLITO,Wirawan sarwono1 aPsikologi Sosial :bindividu dan Teori-Teori Psikologi Sosial /csarlito wirawan sarwono acet.3 ajakarta timur :bBalai Pustaka (persero),c2015 a324 hlm. :bilus ;c25 cm 4aPSIKOLOGI SOSIAL abibliografi a11815 a